Statistics for Countries Closest to Greece A-Z

Click here to take the quiz!

General Stats

  • This quiz has been taken 2,310 times
    (2,307 since last reset)
  • The average score is 21 of 24

Answer Stats

Country% Correct
AAlbania
96%
TTurkey
95%
BBulgaria
94%
IItaly
93%
QQatar
91%
CCyprus
90%
DDenmark
90%
RRomania
90%
FFrance
89%
OOman
89%
YYemen
89%
EEgypt
88%
HHungary
88%
KKosovo
88%
SSerbia
88%
ZZambia
88%
JJordan
87%
GGermany
85%
MMacedonia
85%
VVatican City
83%
UUkraine
81%
LLibya
77%
PPoland
76%
NNetherlands
61%

Score Distribution

Percentile by Number Answered

Percent of People with Each Score

Your Score History

You have not taken this quiz since the last reset